ระบบห้องสมุดอัตโนมัติ ULibM
วิทยาลัยพยาบาลบรมราชชนนี พระพุทธบาท
เปลี่ยนเป็นภาษาไทย

Change to English
 แสดงรายละเอียดบรรณานุกรม
  กลับหน้าหลัก

Brief Record : Get Marc (ISO 2709) : E-mail record : QR code ปิดหน้าต่าง
E-books : เกี่ยวกับ Collections
LEADER 00000nam 2200000uu 4500
001    13399121476
003     ULIBM
008    111055s2550 th a 000 0 tha d
020    9747787016
100    อภิญญา เพียรพิจารณ์
245    แนวคิดพื้นฐานและหลักการพยาบาล เล่ม 2
250    พิมพ์ครั้งที่ 10
260    นนทบุรี :^bสถาบันพระบรมราชชนก,^c2550
300    504 หน้า
945    ^p190^l0^i009990
945    ^p190^l0^i009991
945    ^p190^l0^i009992
945    ^p190^l0^i009993
945    ^p190^l0^i009994
945    ^p190^l0^i009995
945    ^p190^l0^i009996
945    ^p190^l0^i009997
945    ^p190^l0^i009998
999    ^aน.ส.สุพรรษา เริงรื่น
รายการนี้ยังไม่มีแท็ก
คุณยังไม่ได้ล็อกอิน คุณสามารถมีกิจกรรมร่วมกับเว็บไซต์ได้ แต่ต้องล็อกอินก่อน ::
  ล็อกอิน
ลำดับที่ ประเภท เลขเรียก สถานที่ สถานะ
1.
WY100 อ253น 2550 ล.2 
  
วิทยาลัยพยาบาลบรมราชชนนี พระพุทธบาท
►หนังสือทั่วไป
On Shelf
2.
WY100 อ253น 2550 ฉ.10 
  
วิทยาลัยพยาบาลบรมราชชนนี พระพุทธบาท
►หนังสือทั่วไป
On Shelf
3.
WY100 อ253น 2550 ฉ.11 
  
วิทยาลัยพยาบาลบรมราชชนนี พระพุทธบาท
►หนังสือทั่วไป
On Shelf
4.
WY100 อ253น 2550 ฉ.12 
  
วิทยาลัยพยาบาลบรมราชชนนี พระพุทธบาท
►หนังสือทั่วไป
On Shelf
5.
WY100 อ253น 2550 ล.2 ฉ.2 
  
วิทยาลัยพยาบาลบรมราชชนนี พระพุทธบาท
►หนังสือทั่วไป
On Shelf
6.
WY100 อ253น 2550 ล.2 ฉ.3 
  
วิทยาลัยพยาบาลบรมราชชนนี พระพุทธบาท
►หนังสือทั่วไป
On Shelf
7.
WY100 อ253น 2550 ล.2 ฉ.4 
  
วิทยาลัยพยาบาลบรมราชชนนี พระพุทธบาท
►หนังสือทั่วไป
On Shelf
8.
WY100 อ253น 2550 ล.2 ฉ.5 
  
วิทยาลัยพยาบาลบรมราชชนนี พระพุทธบาท
►หนังสือทั่วไป
On Shelf
9.
WY100 อ253น 2550 ล.2 ฉ.6 
  
วิทยาลัยพยาบาลบรมราชชนนี พระพุทธบาท
►หนังสือทั่วไป
On Shelf
10.
WY100 อ253น 2550 ล.2 ฉ.7 
  
วิทยาลัยพยาบาลบรมราชชนนี พระพุทธบาท
►หนังสือทั่วไป
On Shelf
11.
WY100 อ253น 2550 ล.2 ฉ.8 
  
วิทยาลัยพยาบาลบรมราชชนนี พระพุทธบาท
►หนังสือทั่วไป
On Shelf
12.
WY100 อ253น 2550 ล.2 ฉ.9 
  
วิทยาลัยพยาบาลบรมราชชนนี พระพุทธบาท
►หนังสือทั่วไป
On Shelf
   [แสดง 12/12 รายการ]

รายการใกล้เคียง
    ผู้แต่ง [อภิญญา เพียรพิจารณ์]

Bib 13399121476